000
00309nam a22001457a 4500
008
231124b ||||| |||| 00| 0 eng d
020
_a
061330736
041
_a
eng
080
_a
618
082
_a
618GIL
100
_a
15
101
_a
GJINEK
245
_a
WOMEN ECONOMICS
_c
GILMAN.P.CH
942
_2
udc
_c
BK
999
_c
60529
_d
60529